000 00812nam a2200229Ii 4500
003 JO-AjNU
008 230605s9999||||xx |||||||||||||| ||und||
017 _a67/2565
020 _a977-103-335-2
040 _aJO-AjNU
_bara
_erda
_cJO-AjNU
041 _aara
050 1 4 _aK1074.Y34.1987
100 3 _a يحيى ، سعيد ,
_eauthor
_935773
245 0 0 _aالطبيعة القانونية للتحويل المصرفي ارتباطا بمفهوم النقود القيدية
250 _a(د،ط)
264 3 1 _aالاسكندرية : منشأة المعارف ، 1987
300 _a54ص
336 _atext
_btxt
_2rdacontent
337 _aunmediated
_bn
_2rdamedia
338 _avolume
_bnc
_2rdacarrier
650 4 _aالنقود -- تحويل -- النقود -- التحويل الخارجي
_935774
999 _aA14801
_c18369
_d18369